Conflict prevention management and resolution in Africa: an introduction/
Saved in:
| Main Author: | |
|---|---|
| Format: | Book |
| Language: | English |
| Published: |
Ahmadu Bello University Press
2017
|
| Tags: |
Add Tag
No Tags, Be the first to tag this record!
|
MARC
| LEADER | 00000nam a22000007a 4500 | ||
|---|---|---|---|
| 008 | 210818b ||||| |||| 00| 0 eng d | ||
| 020 | |a ISBN: 978-853658-1 | ||
| 100 | |a CHUKWUNARU, Charles Obinna | ||
| 245 | |a Conflict prevention management and resolution in Africa: |b an introduction/ |c Charles Obinna Chukwunaru |g xvi, 158p; ill. | ||
| 260 | |b Ahmadu Bello University Press |c 2017 |h Zaria, Kaduna |i 695915,-Soc. Sci |i 695916 |l HM1126 A35C47 |m 1. Conflict management – Africa. |m 2. Africa – Politics and government |m 3. Politics and government. |m I. Title. | ||
| 500 | |a “It includes index and references” | ||
| 942 | |a lcc |c BK |e j. o. ifatola |f 18/ 08/ 2021 | ||
| 952 | |0 0 |1 0 |2 lcc |4 0 |6 HM1126 A35 C47 |7 0 |9 3081 |a SSL |b HOL |c GJ |d 2021-08-18 |l 0 |o HM1126 A35C47 |p 2021-66779 |r 2021-08-18 00:00:00 |w 2021-08-18 |y BK | ||
| 952 | |0 0 |1 0 |2 lcc |4 0 |6 HM1126 A35 C47 |7 0 |9 3082 |a SSL |b HOL |c GJ |d 2021-08-18 |l 0 |o HM1126 A35C47 |p 2021-66780 |r 2021-08-18 00:00:00 |w 2021-08-18 |y BK | ||
| 999 | |c 1563 |d 1563 | ||